000 00602nam a22001937a 4500
005 20171125115259.0
010 _aENG-121610
020 _a9788188965861
_c395.00
035 _aEN-105142
037 _bDBAD/PUB
082 _a880.92
100 _aJalil, Rakhshanda
245 _aA rebel and her cause :
_c by Rakhshanda Jalil
_bthe life and work of rashid jahan /
260 _aNew Delhi
_bWomen Unlimited
_c2014
270 _a7/10, Sarvapriya Vihar
_bNew Delhi
_e110016
300 _axx,248p.
_c22cm(pbk)
500 _aIncludes bibliographical
942 _2ddc
_cEN
_h880.92
_mJAL
999 _c147739
_d147739